| 000 | 00713nam a2200241 a 4500 | ||
|---|---|---|---|
| 008 | |||
| 020 | _a0521578914 (pbk.) | ||
| 049 | _aMAIN | ||
| 090 | _aQL751 | ||
| 100 | 1 | _aManning, Aubrey | |
| 245 | 1 | 0 |
_aAn introduction to animal behaviour / _cAubrey Manning and Marian Stamp Dawkins. |
| 260 |
_aCambridge : _bCambridge University Press, _c1998 |
||
| 300 | _a5th ed. | ||
| 300 |
_aix, 450 p. : _bill. ; _c25 cm. |
||
| 504 | _aIncludes bibliographical references. | ||
| 500 | _aIncludes index. | ||
| 650 | _aAnimal behaviour. | ||
| 907 |
_a.b10126296 _b10-07-06 _c11-06-04 |
||
| 003 | |||
| 005 | 20230123134225.0 | ||
| 040 | _cNUST | ||
| 942 |
_cBOOKS _kQL751 |
||
| 999 |
_c162177 _d162177 |
||